[Event "RUS-Cup1 Chigorin mem"]
[Site "St Petersburg"]
[Date "1996.??.??"]
[Round "8"]
[White "Lerner, Konstantin Z"]
[Black "Burmakin, Vladimir"]
[Result "0-1"]
[WhiteElo "2580"]
[BlackElo "2505"]

1.c4 c6 2.d4 d5 3.Nf3 e6 4.Qc2 Nf6 5.Bg5 Nbd7 6.cxd5 cxd5 7.Nc3 a6 8.a4 Bb4
9.e3 Qa5 10.Bd3 h6 11.Bf4 Nh5 12.O-O Nxf4 13.exf4 O-O 14.Ne2 Nf6 15.Ne5 Bd7
16.Ng3 Bd2 17.f5 exf5 18.Bxf5 Rfd8 19.Rfd1 Bb4 20.Qe2 Bf8 21.Qf3 Be8 22.h4 Rd6
23.h5 Rad8 24.b3 Rb6 25.Rac1 Rb4 26.Bc2 Qb6 27.Nf5 Bd7 28.Nxd7 Rxd7 29.Re1 Qd8
30.Bb1 Rb6 31.Re3 Rc6 32.Rxc6 bxc6 33.Rc3 Rc7 34.Qe2 Qc8 35.Rg3 Kh8 36.Qe5 Qd8
37.Rf3 c5 38.Nxh6 Re7 39.Qf5 Re1+ 40.Kh2 gxh6 41.Bd3 Be7 42.g3 Qc7 43.dxc5 a5
44.Bc2 Qxc5 45.Qd3 Kg7 46.Kg2 Rc1 47.Bd1 Qb4 48.Re3 Bc5 49.Re2 Qd4 50.Qxd4 Bxd4
51.Bc2 Nxh5  0-1

[Event "Stary Smokovec"]
[Site "Stary Smokovec"]
[Date "1996.??.??"]
[Round "?"]
[White "Tibensky, Robert"]
[Black "Velicka, Petr"]
[Result "0-1"]
[WhiteElo "2440"]
[BlackElo "2430"]

1.c4 c6 2.b3 d5 3.Bb2 Nf6 4.g3 Bf5 5.Bg2 e6 6.Nf3 h6 7.O-O Nbd7 8.d3 Be7
9.Qc2 O-O 10.Nc3 Bh7 11.Rad1 Re8 12.e4 dxe4 13.dxe4 Qc7 14.Qe2 e5 15.Nh4 Nc5
16.Nf5 Bf8 17.Qf3 Ne6 18.Ne2 Ng5 19.Qe3 Qc8 20.Nd6 Bxd6 21.Rxd6 Ngxe4 22.Rdd1 Qe6
23.h3 Nd6 24.Rfe1 Nf5 25.Qc5 Qe7 26.Qa5 Nd7 27.Nf4 f6 28.Nd3 Qd8 29.Qb4 Qc7
30.a4 a5 31.Qc3 c5 32.f4 Nd4 33.fxe5 fxe5 34.Nf2 Nf6 35.g4 e4 36.Bc1 Nf3+
37.Kf1 Nxe1 38.Rxe1 Qe5 39.Qe3 b6 40.Kg1 Rad8 41.h4 h5 42.gxh5 Nxh5 43.Bd2 Qd4
44.Bc3 Qxe3 45.Rxe3 Rd7 46.Bh3 Rf7 47.Bg4 Nf6 48.Be2 Bg6 49.Nh3 Bh5 50.Nf4 Bxe2
51.Rxe2 e3 52.Bxf6 Rxf6 53.Nd5 Rh6 54.Kg2 Rxh4 55.Nxb6 Rb8 56.Nd7 Rxb3 57.Nxc5 Rc3
58.Nb7 Rhxc4 59.Nxa5 Rxa4 60.Nb7 Ra6 61.Rb2 Rg6+ 62.Kf3 Rf6+ 63.Kg2 Rd3  0-1

[Event "SUI-chT"]
[Site "SUI"]
[Date "1996.??.??"]
[Round "2"]
[White "Zueger, Beat"]
[Black "Costa, Jean Luc"]
[Result "1/2-1/2"]
[WhiteElo "2460"]
[BlackElo "2395"]

1.c4 c6 2.Nf3 d5 3.e3 Nf6 4.Nc3 Bg4 5.Qb3 Qb6 6.cxd5 Qxb3 7.axb3 Bxf3 8.gxf3 Nxd5
9.Nxd5 cxd5 10.Bb5+ Nc6 11.d4 Kd7 12.Bd2 e6 13.Ke2 Bd6 14.f4 Rhc8 15.Rhc1 a6
16.Bd3 g6 17.Rc2 h6 18.h3 Ke7 19.Rac1 Rc7 20.h4 h5 21.Ba5 Rcc8 22.Be1 Kd7
23.f3 Rc7 24.Bd2 Rac8 25.Be1 Nb4 26.Rxc7+ Rxc7 27.Rxc7+ Kxc7 28.Bb1 Kc6 29.e4 f5
30.e5 Bf8 31.Ke3 Be7 32.Kd2 Kb5 33.Kc3 Nc6 34.Bd3+ Ka5 35.Bf2 Bb4+ 36.Kc2 Kb6
37.Be2 Kc7 38.Bf1 Ba5 39.Be2 Nb4+ 40.Kc1 Nc6 41.Kc2 Bb6 42.Kc3 Ba7 43.Bf1 b5
44.Be2 Bb6 45.Kd3 Ba5 46.Kc2 Bb4 47.Bf1 Kb6 48.Be2 Be7 49.Kc3 a5 50.Bf1 Bb4+
51.Kd3 a4 52.bxa4 bxa4 53.Kc2 Na5 54.Be2 Nb3 55.Bd1 Bd2 56.Bg3 Be3 57.Kd3 Bg1
58.Bxb3 axb3 59.Kc3 Kb5 60.Kd3 Ka4 61.Kc3 Ka5 62.Kd3 Kb5 63.Kc3 Be3 64.Kd3 Bc1
65.Kc3 Ka4 66.Bh2 Be3 67.Bg3  1/2-1/2

[Event "SUI-chT"]
[Site "SUI"]
[Date "1996.??.??"]
[Round "7"]
[White "Hort, Vlastimil"]
[Black "Costa, Jean Luc"]
[Result "1/2-1/2"]
[WhiteElo "2545"]
[BlackElo "2395"]

1.c4 c6 2.e4 d5 3.exd5 cxd5 4.d4 Nf6 5.Nc3 Nc6 6.Nf3 Be6 7.Bg5 Ne4 8.Nxe4 dxe4
9.d5 exf3 10.dxe6 Qa5+ 11.Bd2 Qe5+ 12.Be3 fxe6 13.Qxf3 Qxb2 14.Rd1 Qc3+ 15.Rd2 g6
16.Bd3 O-O-O 17.Qe4 Qe5 18.Qxe5 Nxe5 19.Be2  1/2-1/2

[Event "SVK-chT9596"]
[Site "?"]
[Date "1996.??.??"]
[Round "4"]
[White "Stohl, Igor"]
[Black "Velicka, Petr"]
[Result "1/2-1/2"]
[WhiteElo "2515"]
[BlackElo "2420"]

1.c4 c6 2.d4 d5 3.Nc3 Nf6 4.e3 a6 5.Nf3 b5 6.b3 Bg4 7.Be2 e6 8.O-O Nbd7 9.h3 Bh5
10.Bb2 Bd6 11.Ne5 Bxe2 12.Nxe2 Rc8 13.Qd3 O-O 14.Rfc1 Ne4 15.cxd5 cxd5 16.Rxc8 Qxc8
17.Rc1 Qb7 18.Nxd7 Qxd7 19.Qc2 Ra8 20.Qc6 Qxc6 21.Rxc6 Be7 22.f3 Nf6 23.Nf4 Kf8
24.Nd3 Ke8 25.Bc3 a5 26.Be1 b4 27.Bg3 Nd7 28.Kf1 Bd8 29.Ke2 Nb6 30.e4 dxe4
31.fxe4 Rc8 32.Rxc8 Nxc8 33.Nc5 Bb6 34.Kd3 Bxc5 35.dxc5 Kd7 36.Kc4  1/2-1/2

[Event "SVK-chT9596"]
[Site "?"]
[Date "1996.??.??"]
[Round "11"]
[White "Banas, Jan"]
[Black "Cibulka, Vladimir"]
[Result "1/2-1/2"]
[WhiteElo "2370"]
[BlackElo "2295"]

1.c4 c6 2.e4 d5 3.exd5 cxd5 4.d4 Nc6 5.cxd5 Qxd5 6.Nf3 Bg4 7.Nc3 Bxf3 8.gxf3 Qxd4
9.Qxd4 Nxd4 10.Nb5 Ne6 11.Bh3 a6 12.Bxe6 axb5 13.Bd5 e6 14.Bxb7 Bb4+ 15.Ke2 Rb8
16.Bc6+ Ke7 17.a4 bxa4 18.Rxa4 Kf6 19.h4 h6 20.Bg5+ Kg6 21.Bf4 Rb6 22.Be4+ f5
23.Bc7 Rb5 24.Bc6 Rc5 25.Rg1+ Kf7 26.Rxb4 Ne7 27.Bd6 Rxc6 28.Bxe7 Kxe7 29.Rxg7+ Kf6
30.Rbb7 Ke5 31.Rb5+ Kf6 32.Rg1 Rd8 33.h5 Rc2+ 34.Ke3 Rdd2 35.Rg6+ Ke7 36.Rb7+ Kd6
37.Kf4 Rxb2 38.Rxb2 Rxb2 39.Kg3 Ke7 40.Rxh6 f4+ 41.Kxf4 Rxf2 42.Rg6 Kf7 43.Rg3 Rh2
44.Kg5 Kg7 45.Rg4 Rh3 46.Kf4+ Kf6 47.Rg6+ Kf7 48.Kg4 Rh1 49.Rh6 Rg1+ 50.Kf4 Rh1
51.Rh7+ Kf6 52.h6 e5+ 53.Ke4 Re1+ 54.Kd3 Rd1+ 55.Ke2 Rh1 56.Rh8 Rh2+ 57.Ke3 Rh1
58.h7 Kg7 59.Re8 Kxh7 60.Rxe5 Kg6 61.Ra5 Rh4 62.Kf2 Rb4 63.Kg3 Kf6  1/2-1/2

[Event "SWE-chT 9596"]
[Site "?"]
[Date "1996.??.??"]
[Round "?"]
[White "Callergard, Robert"]
[Black "Ingbrandt, Johan"]
[Result "0-1"]
[WhiteElo "2315"]
[BlackElo "2345"]

1.c4 c6 2.d4 d5 3.e3 Nf6 4.Nf3 Bf5 5.Nc3 e6 6.Nh4 Bg4 7.Qb3 Qb6 8.h3 Bh5
9.g4 Bg6 10.g5 Ng8 11.Nxg6 hxg6 12.e4 dxe4 13.Qxb6 axb6 14.Nxe4 Na6 15.Bd2 Nb4
16.Bxb4 Bxb4+ 17.Ke2 Ne7 18.a3 Nf5 19.Bg2 Be7 20.Rhd1 O-O-O 21.d5 exd5 22.cxd5 cxd5
23.Nc3 d4 24.Nd5 Bxg5 25.Nxb6+ Kb8 26.Rd3 Rhe8+ 27.Kf1 Re5 28.a4 Rc5 29.a5 Ka7
30.Rb3 Nd6 31.Nd5 Nc4 32.Rb4 Nd2+ 33.Ke2 Rcxd5 34.Bxd5 Rxd5 35.Kd3 f5 36.Rd1 Ne4
37.Kc4 Rxa5 38.Rxd4 Be7 39.Rb3 Ra4+ 40.Kd5 Rxd4+ 41.Kxd4 Bc5+ 42.Ke5 Bxf2
43.Kd5 Bh4 44.Rb4 Bf6 45.Rb3 Kb8 46.Rb4 g5 47.Ke6 Ng3 48.b3 f4  0-1

[Event "SWE-chT 9596"]
[Site "?"]
[Date "1996.??.??"]
[Round "?"]
[White "Callergard, Robert"]
[Black "Nordstrom, Felix"]
[Result "1/2-1/2"]
[WhiteElo "2315"]
[BlackElo "2220"]

1.c4 c6 2.d4 d5 3.e3 Nf6 4.Nf3 Bg4 5.h3 Bxf3 6.Qxf3 e6 7.Bd3 Nbd7 8.O-O Bd6
9.Nc3 O-O 10.Rd1 Qe7 11.e4 dxc4 12.Bxc4 e5 13.d5 cxd5 14.Bxd5 Nxd5 15.Nxd5 Qe6
16.Be3 Rfc8 17.Rac1 a6 18.a4 Rxc1 19.Rxc1 Rd8 20.Qd1 Nf8 21.Qb3 Qd7 22.Qb6 Ne6
23.Rc4 Bf8 24.Qb3 Kh8 25.a5 Kg8 26.Qc3 Bd6 27.h4 Kh8 28.g3 f6 29.Nb6 Qe8
30.Nd5 Qd7 31.b4 Kg8 32.Qb3 Kh8 33.Qc2 Bf8 34.Qc3 Bd6 35.Qc2 Re8 36.Nb6 Qf7
37.Nd5 Qd7 38.Qd1 Bf8 39.Qg4 Qf7 40.h5 Bd6 41.Qf5 Rf8 42.Kg2 Kg8 43.Qf3 Nc7
44.Nb6 Qe7 45.Bd2 Rd8 46.Qg4 Qe6 47.Qe2 Nb5 48.Be3 Bf8 49.Bc5 Bxc5 50.Rxc5 Nd4
51.Qc4 Qxc4 52.Rxc4 Nc6 53.Nd5 Kf7 54.Rc5 Rd7  1/2-1/2

[Event "SWE-chT 9596"]
[Site "?"]
[Date "1996.??.??"]
[Round "?"]
[White "Bjarnehag, Peter"]
[Black "Engsner, Joakim"]
[Result "1/2-1/2"]
[WhiteElo "2290"]
[BlackElo "2265"]

1.c4 c6 2.d4 d5 3.e3 Nf6 4.Nf3 g6 5.Nc3 Bg7 6.Be2 O-O 7.O-O Nbd7 8.b3 Re8
9.Bb2 Ne4 10.cxd5 Nxc3 11.Bxc3 cxd5 12.Rc1 Nf6 13.Bb4 Bd7 14.Ne5 Ne4 15.Nxd7 Qxd7
16.Qd3 a6 17.Rc2 Rac8 18.Rfc1 Bf8 19.Bd1 e6 20.Bxf8 Kxf8 21.Be2 Rxc2 22.Qxc2 Nd6
23.Qc7 Qxc7 24.Rxc7 Re7 25.Rc2 h5 26.h4 Ke8 27.Bd3 Kd8 28.Kf1 Rc7 29.Rxc7 Kxc7
30.Ke2 Kd7 31.Kf3 Ke7 32.Kf4 Kf6 33.f3 Nc8 34.g4 Na7 35.gxh5 gxh5 36.e4 Nc6
37.e5+ Kg7 38.Ke3 Ne7 39.Kf4 Nc6 40.Ke3 Ne7 41.Kf4  1/2-1/2

[Event "SWE-chT 9596"]
[Site "?"]
[Date "1996.??.??"]
[Round "?"]
[White "Cramling, Dan"]
[Black "Ingbrandt, Johan"]
[Result "1/2-1/2"]
[WhiteElo "2445"]
[BlackElo "2345"]

1.c4 c6 2.e4 d5 3.exd5 cxd5 4.cxd5 Nf6 5.Nc3 g6 6.Bc4 Bg7 7.Nf3 O-O 8.O-O Nbd7
9.d3 Nb6 10.Qb3 Bf5 11.Re1 Rc8 12.Bg5 h6 13.Bh4 g5 14.Bg3 Nfd7 15.Re3 Nc5
16.Qa3 a6 17.Be5 Bxe5 18.Nxe5 Qd6 19.Rae1  1/2-1/2

[Event "EU-ch U20 Girls"]
[Site "Tapolca"]
[Date "1996.??.??"]
[Round "9"]
[White "Krupkova, Petra"]
[Black "Kononenko, Tatiana"]
[Result "1/2-1/2"]
[WhiteElo "2325"]
[BlackElo "2275"]

1.c4 c6 2.e4 d5 3.exd5 cxd5 4.d4 Nf6 5.Nc3 Nc6 6.Nf3 e6 7.cxd5 Nxd5 8.Bd3 Be7
9.O-O O-O 10.Re1 Bf6 11.Be4 Nce7 12.Ne5 Bd7 13.Qd3 g6 14.Bh6 Bg7 15.Bxg7 Kxg7
16.Bxd5 exd5 17.Re2 Nc6 18.Nxc6 bxc6 19.Rae1 Qf6 20.Na4 Rfe8 21.Rxe8 Rxe8
22.Rxe8 Bxe8 23.Nc5 Qe7 24.Qe3 Qxe3 25.fxe3 g5 26.Kf2 Kf6 27.g4 Ke7 28.b4  1/2-1/2

[Event "GEO-ch"]
[Site "Tbilisi"]
[Date "1996.??.??"]
[Round "?"]
[White "Sichinava, Roman"]
[Black "Supatashvili, Khvicha"]
[Result "0-1"]
[WhiteElo "2445"]
[BlackElo "2445"]

1.c4 c6 2.e4 d5 3.cxd5 cxd5 4.exd5 Nf6 5.Nc3 Nxd5 6.Nf3 Nxc3 7.bxc3 g6 8.Be2 Bg7
9.O-O O-O 10.d4 Nc6 11.Bf4 Be6 12.Qd2 Rc8 13.Bh6 Bd5 14.Bxg7 Kxg7 15.Qe3 e6
16.Rfd1 Ne7 17.Ne5 Nf5 18.Qh3 f6 19.Ng4 Qa5 20.Rdc1 Qa3 21.Qd3 Bc4 22.Qd2 Bxe2
23.Qxe2 Nxd4 24.Qe4 Nc6 25.Qxe6 Qe7 26.Qxe7+ Nxe7 27.Ne3 Rfd8 28.c4 f5 29.f4 Rd4
30.g3 Re4 31.Kf2 Ng8 32.Rab1 b6 33.Kf3 Rc7 34.a4 Nf6 35.a5 bxa5 36.Rb5 a4
37.Rc3 Rd4 38.Ke2 Rcd7 39.Rc2 Ne4 40.Ra5 Rd3 41.Rd5 R7xd5 42.cxd5 Rc3 43.Rxc3 Nxc3+
44.Kd3 Ne4 45.Kc4 a5 46.Kb5 a3 47.Kc6 a2 48.Nc2 Kf7 49.d6 Nf6 50.Kc7 Ke6
51.Kc6 Nd7 52.Nd4+ Kf7 53.Nc2 Nb8+ 54.Kc7 Na6+ 55.Kc8 Nc5 56.Kc7 Ne6+ 57.Kc8 Nd4
58.Na1 a4 59.Kc7 Ne6+ 60.Kc8 Nd4 61.Kc7 Ne6+ 62.Kc8 Nc5 63.Kc7 Ke6 64.Kc6 Na6
65.Kb6 Kxd6 66.Kxa6 Kd5 67.Kb5 Ke4 68.Kc4 Kf3 69.Kd3 Kg2 70.Ke2 Kxh2 71.Kf2 h6
72.Ke2 g5 73.fxg5 hxg5  0-1

[Event "Tel Aviv Cup rapid"]
[Site "Tel Aviv"]
[Date "1996.??.??"]
[Round "1"]
[White "Blodstein, Arkady"]
[Black "Shvidler, Eliahu"]
[Result "1/2-1/2"]
[WhiteElo "2365"]
[BlackElo "2460"]

1.c4 c6 2.Nf3 d5 3.b3 Bg4 4.Bb2 e6 5.e3 Nf6 6.Be2 Nbd7 7.O-O Bd6 8.h3 Bxf3
9.Bxf3 O-O 10.d3 Qe7 11.Nc3 Rfd8 12.cxd5 exd5 13.Ne2 Be5 14.Bxe5 Nxe5 15.Ng3 g6
16.Be2 Ned7 17.Qd2 Re8 18.Rfe1 a5 19.Qb2 Qe5 20.Qxe5 Rxe5 21.d4 Ree8 22.Bd3 h5
23.f3 Nf8 24.Kh2 Ne6 25.Ne2 h4 26.Nc3 Nd7 27.Rab1 Rec8 28.a4 Nf6 29.f4 c5
30.Ne2  1/2-1/2

[Event "Tel Aviv Cup rapid"]
[Site "Tel Aviv"]
[Date "1996.??.??"]
[Round "2"]
[White "Kaspi, Alexander"]
[Black "Huzman, Alexander"]
[Result "0-1"]
[WhiteElo "2475"]
[BlackElo "2570"]

1.c4 c6 2.d4 d5 3.Nf3 Nf6 4.Qb3 e6 5.g3 Be7 6.Bg2 O-O 7.O-O Nbd7 8.Nc3 Nb6
9.cxd5 exd5 10.Qc2 Re8 11.Bf4 Nh5 12.Rad1 Nxf4 13.gxf4 Qd6 14.Ne5 f6 15.Nd3 Bf5
16.Qc1 Bf8 17.Nc5 Qc7 18.Nd3 Bd6 19.e3 Kh8 20.Kh1 Qf7 21.Bf3 g5 22.Rg1 gxf4
23.Nxf4 Bxf4 24.exf4 Nc4 25.Rg3 Nd6 26.Qd2 Bg6 27.Rdg1 Nf5 28.Rh3 Rg8 29.Nd1 Qc7
30.Bg4 Nd6 31.Nc3 Rae8 32.Bf3 Qb6 33.Be2 Be4+ 34.f3 Rxg1+ 35.Kxg1 Bg6 36.Na4 Qc7
37.Bd3 Nf5 38.Bxf5 Bxf5 39.Rg3 Bg6 40.Kf2 Qd7 41.Nc5 Qe7 42.Rg1 b6 43.Nd3 Qd7
44.Re1 Rxe1 45.Nxe1 Kg7 46.b4 Qh3 47.Ke3 Kf7 48.a3 Ke7 49.Qf2 Kd7 50.Kd2 Qf5
51.Qe3 Qb1 52.Qc3 Qa2+ 53.Ke3 Qxh2 54.a4 Qa2 55.a5 Bf5 56.Nd3 Qc4 57.Qxc4 dxc4
58.axb6 axb6 59.Nb2 c3 60.Na4 c2 61.Kd2 Kc7 62.Nc3 h5 63.d5 h4 64.Ne2 h3
65.dxc6 h2 66.Ng3 Kxc6  0-1

[Event "Czerniak mem"]
[Site "Tel Aviv"]
[Date "1996.??.??"]
[Round "5"]
[White "Kaspi, Alexander"]
[Black "Zifroni, Dov"]
[Result "1-0"]
[WhiteElo "2475"]
[BlackElo "2455"]

1.c4 c6 2.d4 d5 3.Nf3 Nf6 4.Qb3 e6 5.g3 Nbd7 6.Bg2 Be7 7.O-O O-O 8.Nc3 b6
9.Bf4 Bb7 10.cxd5 cxd5 11.Rfc1 Ne8 12.a4 a6 13.Ne5 Nef6 14.Nd3 Rc8 15.Nd1 Rxc1
16.Rxc1 Qa8 17.f3 Rc8 18.Rxc8+ Qxc8 19.Qc3 Kf8 20.g4 Ne8 21.Qxc8 Bxc8 22.e4 Bf6
23.Be3 dxe4 24.fxe4 e5 25.dxe5 Nxe5 26.Nxe5 Bxe5 27.Bxb6 Bxg4 28.Ne3 Be6
29.b4 Nd6 30.Bf1 Nxe4 31.Bxa6 Bd6 32.Bb7 Nc3 33.a5 Nb5 34.Bc6  1-0

[Event "Tel Aviv Cup rapid"]
[Site "Tel Aviv"]
[Date "1996.??.??"]
[Round "5"]
[White "Rechlis, Gad"]
[Black "Huzman, Alexander"]
[Result "1/2-1/2"]
[WhiteElo "2510"]
[BlackElo "2570"]

1.c4 c6 2.e4 d5 3.exd5 cxd5 4.d4 Nf6 5.Nc3 Nc6 6.Nf3 Bg4 7.cxd5 Nxd5 8.Qb3 Bxf3
9.gxf3 e6 10.Qxb7 Nxd4 11.Bb5+ Nxb5 12.Qc6+ Ke7 13.Qxb5 Qd7 14.Nxd5+ Qxd5
15.Qxd5 exd5 16.Bf4 Kd7 17.O-O-O Kc6 18.Kb1 Bd6 19.Rd4 Bxf4 20.Rxf4 f6 21.Rg1 Rhg8
22.Rb4 Rae8 23.Rc1+ Kd6 24.Ra4 Re2 25.Rc2 Re1+ 26.Rc1 Re2  1/2-1/2

[Event "Toronto"]
[Site "Toronto"]
[Date "1996.??.??"]
[Round "1"]
[White "Campbell, Brett"]
[Black "Livshits, Ron"]
[Result "0-1"]
[WhiteElo "2220"]
[BlackElo "2420"]

1.c4 c6 2.d4 d5 3.cxd5 cxd5 4.Nc3 Nf6 5.Nf3 Nc6 6.Bf4 a6 7.e3 Bg4 8.h3 Bxf3
9.Qxf3 e6 10.Bd3 Be7 11.O-O O-O 12.Rfc1 Rc8 13.Qe2 Qd7 14.Bb1 Na5 15.Be5 Nc4
16.b3 Nxe5 17.dxe5 Ne8 18.Bd3 f6 19.e4 d4 20.exf6 Ba3 21.Nd5 Rxc1+ 22.Rxc1 Bxc1
23.Ne7+ Kh8 24.e5 gxf6  0-1

[Event "Toscolano op"]
[Site "Toscolano"]
[Date "1996.??.??"]
[Round "6"]
[White "Zlochevskij, Alexander"]
[Black "Sulava, Nenad"]
[Result "1/2-1/2"]
[WhiteElo "2415"]
[BlackElo "2430"]

1.c4 c6 2.e4 d5 3.exd5 cxd5 4.cxd5 Nf6 5.Bb5+ Nbd7 6.Nc3 a6 7.Be2 b5 8.d4 b4
9.Na4 Nxd5 10.Bf3 Bb7 11.Ne2 e6 12.Nf4 Qa5 13.O-O  1/2-1/2

[Event "CRO-chT"]
[Site "Tucepi"]
[Date "1996.??.??"]
[Round "?"]
[White "Jukic, Mirko"]
[Black "Golubovic, Boris"]
[Result "1/2-1/2"]
[WhiteElo "2470"]
[BlackElo "2385"]

1.c4 c6 2.e4 d5 3.exd5 cxd5 4.d4 Nf6 5.Nc3 Nc6 6.Nf3 Bg4 7.cxd5 Nxd5 8.Qb3 Bxf3
9.gxf3 e6 10.Qxb7 Nxd4 11.Bb5+ Nxb5 12.Qc6+ Ke7 13.Qxb5 Qd7 14.Nxd5+ Qxd5
15.Bg5+ f6 16.Qxd5 exd5 17.Be3 Ke6 18.O-O-O Bb4 19.a3 Rac8+ 20.Kb1 Bc5 21.Rhe1 Bxe3
22.Rxe3+ Kd6 23.Rde1 Rcd8 24.Re7 Rd7 25.R1e6+ Kc7 26.Rxd7+ Kxd7 27.Ra6 Ra8
28.b4 h5 29.b5 Kc8 30.Kc2 Kb7 31.Rd6 Re8 32.Kd2 Re5 33.a4 h4 34.Kd3 Rf5 35.Rd7+ Kb6
36.Rd6+ Kb7 37.Rd7+ Kb6  1/2-1/2

[Event "CRO-chT"]
[Site "Tucepi"]
[Date "1996.??.??"]
[Round "?"]
[White "Jukic, Mirko"]
[Black "Sulava, Nenad"]
[Result "1/2-1/2"]
[WhiteElo "2470"]
[BlackElo "2480"]

1.c4 c6 2.e4 d5 3.exd5 cxd5 4.d4 Nf6 5.Nc3 Nc6 6.Nf3 g6 7.cxd5 Nxd5 8.Qb3 Nxc3
9.Bc4 Nd5 10.Bxd5 e6 11.Bxc6+ bxc6  1/2-1/2

[Event "CRO-chT"]
[Site "Tucepi"]
[Date "1996.??.??"]
[Round "?"]
[White "Tukmakov, Vladimir B"]
[Black "Lalic, Bogdan"]
[Result "1/2-1/2"]
[WhiteElo "2595"]
[BlackElo "2575"]

1.c4 c6 2.d4 d5 3.Nf3 e6 4.Nbd2 Nf6 5.g3 Nbd7 6.Bg2 b6 7.O-O Be7 8.Qc2 Bb7
9.e4 O-O 10.e5 Ne8 11.Re1 Nc7 12.cxd5 cxd5 13.Nf1 Rc8 14.Ne3 a5 15.h4 Re8
16.a3 Ba6 17.Ng4 Na8 18.Qd1 Qc7 19.Ng5 Qc2 20.Qf3 Bxg5 21.hxg5 Bd3 22.Ne3 Qb3
23.Bh3 Nc7  1/2-1/2

[Event "Turin op"]
[Site "Turin"]
[Date "1996.??.??"]
[Round "7"]
[White "Sarno, Spartaco"]
[Black "Marchand, Francois"]
[Result "0-1"]
[WhiteElo "2410"]
[BlackElo "2220"]

1.c4 c6 2.Nf3 d5 3.b3 Nf6 4.g3 Bg4 5.Bb2 Nbd7 6.Bg2 e6 7.O-O Bd6 8.d3 O-O
9.Nbd2 Qe7 10.a3 e5 11.h3 Bxf3 12.Nxf3 e4 13.Nd4 e3 14.Nf5 exf2+ 15.Rxf2 Qe6
16.cxd5 cxd5 17.Nxd6 Qxd6 18.g4 h5 19.gxh5 Nxh5 20.Qd2 Ng3 21.Qg5 d4 22.Bf3 f5
23.Rg2 f4 24.Qd5+ Qxd5 25.Bxd5+ Kh7 26.Bxd4 Rae8 27.Bf3 Ne5 28.Bxb7 Ng6 29.Rxg3 fxg3
30.Be4 Kh6 31.Rc1 Nf4 32.Rc6+ Kh5 33.Bf3+ Kh4 34.Bxg7 Nxh3+ 35.Kf1 Rxf3+
36.exf3 Nf4 37.Rc3 g2+ 38.Kg1 Kg3  0-1

[Event "CZE-ch"]
[Site "Turnov"]
[Date "1996.??.??"]
[Round "6"]
[White "Nedela, Vlastimil"]
[Black "Meduna, Eduard"]
[Result "1-0"]
[WhiteElo "2445"]
[BlackElo "2435"]

1.c4 c6 2.d4 d5 3.Nc3 Nf6 4.cxd5 cxd5 5.Bf4 Nc6 6.Nf3 Bf5 7.e3 e6 8.Bb5 Nd7
9.O-O Rc8 10.Qb3 Be7 11.Ne5 Ncxe5 12.Bxe5 O-O 13.Bxd7 Qxd7 14.Rad1 Rfd8 15.f3 a6
16.e4 Bg6 17.Rfe1 b5 18.exd5 exd5 19.Bg3 Bf8 20.Re5 Qb7 21.Rxd5 Bc2 22.Qxc2 Qxd5
23.Qd2 Qc4 24.d5 f5 25.d6 Rd7 26.Nd5 Rc6 27.Qg5 Qe2 28.Re1 Qxb2 29.Ne7+ Kh8
30.Nxc6 Qc3 31.Qxf5  1-0

[Event "Vendrell op"]
[Site "Vendrell"]
[Date "1996.??.??"]
[Round "2"]
[White "Ionov, Sergey"]
[Black "Bjerring, Kai"]
[Result "1-0"]
[WhiteElo "2515"]
[BlackElo "2365"]

1.c4 c6 2.d4 d5 3.Nf3 Nf6 4.Nc3 e6 5.Bg5 dxc4 6.e4 b5 7.e5 h6 8.Bh4 g5 9.Nxg5 hxg5
10.Bxg5 Nbd7 11.exf6 Bb7 12.g3 c5 13.d5 Qb6 14.Bg2 b4 15.O-O O-O-O 16.Na4 Qd6
17.Bf4 Qa6 18.dxe6 fxe6 19.Bxb7+ Qxb7 20.Qg4 Bh6 21.Bd6 Qc6 22.Rfd1 Bg5 23.Qxe6 Rxh2
24.Rd5 Rdh8 25.Nxc5 R2h7 26.f7 Be7 27.Nxd7 Rh6 28.Nf6+  1-0

[Event "AUT-chT qual"]
[Site "Vienna"]
[Date "1996.??.??"]
[Round "3"]
[White "Duer, Arne"]
[Black "Kummer, Helmut"]
[Result "0-1"]
[WhiteElo "2400"]
[BlackElo "2290"]

1.c4 c6 2.Nf3 d5 3.d4 e6 4.Nbd2 f5 5.g3 Nf6 6.Bg2 Bd6 7.O-O O-O 8.b3 b6 9.Bb2 Bb7
10.Ne5 Qe7 11.Ndf3 Nbd7 12.Rc1 Rac8 13.Rc2 Ne4 14.Qc1 Nxe5 15.Nxe5 Bxe5 16.dxe5 dxc4
17.Rxc4 c5 18.f3 Ng5 19.Qe3 Nf7 20.Rfc1 Bd5 21.R4c2 Qb7 22.Bh3 h6 23.Bg2 Rcd8
24.h4 g6 25.Qc3 Rd7 26.Re1 Rfd8 27.Rd2 Qc8 28.e4 Bb7 29.Rd6 Re8 30.exf5 gxf5
31.Bh3 Nxd6 32.exd6 Rh7 33.Qf6 Qd7 34.Qg6+ Kf8 35.Re5 Bc8 36.g4 Qf7 37.h5 Rd8
38.Kf2 fxg4 39.Qxg4 Rxd6 40.Re4 Rd2+ 41.Ke3 Rxb2 42.Rf4 Ba6 43.Rxf7+ Rxf7
44.f4 Rd7 45.Ke4 Bd3+ 46.Ke5 Re2+ 47.Kf6 Rf7+  0-1

[Event "Carl Schlechter mem"]
[Site "Vienna"]
[Date "1996.??.??"]
[Round "4"]
[White "Spindelboeck, Gernot"]
[Black "Hansen, K."]
[Result "1-0"]
[WhiteElo "2260"]
[BlackElo "2070"]

1.c4 c6 2.e4 d5 3.exd5 cxd5 4.d4 e6 5.Nc3 Nf6 6.Nf3 Be7 7.cxd5 exd5 8.Bd3 O-O
9.h3 Re8 10.O-O Nbd7 11.Bf4 Nf8 12.Qb3 Ne6 13.Be5 Bd6 14.Bb5 Rf8 15.Rfd1 Nc7
16.Bxf6 Qxf6 17.Nxd5 Nxd5 18.Qxd5 Rd8 19.Qg5 Qxg5 20.Nxg5 Bf4 21.Ne4 Bf5
22.Nc3 Bc2 23.Re1 Rxd4 24.Re7 Rb4 25.Rae1 g5 26.R1e2 Bf5 27.Rxb7 Rc8 28.g3 Bc1
29.Nd5 Bd3 30.Nxb4 Bxe2 31.Bxe2 Bxb2 32.Rxa7 Rb8 33.Nc6 Rb6 34.Bf3  1-0

[Event "Vienna Bawag"]
[Site "Vienna"]
[Date "1996.??.??"]
[Round "5"]
[White "Stanec, Nikolaus"]
[Black "Stefanova, Antoaneta"]
[Result "1/2-1/2"]
[WhiteElo "2490"]
[BlackElo "2370"]

1.c4 c6 2.d4 d5 3.Nf3 Nf6 4.Nc3 Qb6 5.c5 Qc7 6.g3 b6 7.Bf4 Qb7 8.cxb6 axb6
9.Bg2 Bf5 10.O-O h6 11.Nd2 Nbd7 12.e4 dxe4 13.Ndxe4 Nxe4 14.Nxe4 Bxe4 15.Bxe4 Nf6
16.Qf3 Nxe4 17.Qxe4 e6 18.Rac1 Rc8 19.d5 cxd5 20.Qa4+ b5 21.Rxc8+ Qxc8 22.Qxb5+ Qd7
23.Qb8+ Qd8 24.Qe5 Rg8 25.Rc1 g5 26.Bd2 Bd6 27.Qe2 Ke7 28.Bc3 f6 29.Re1 e5
30.Qd3 Ke6 31.a4 Qc7 32.a5 Rb8 33.g4 Qc4 34.Qf5+ Ke7 35.h3 Qf4 36.Qd3  1/2-1/2

[Event "Vienna Bawag"]
[Site "Vienna"]
[Date "1996.??.??"]
[Round "7"]
[White "Chernin, Alexander"]
[Black "Stefanova, Antoaneta"]
[Result "1-0"]
[WhiteElo "2595"]
[BlackElo "2370"]

1.c4 c6 2.d4 d5 3.Nf3 Nf6 4.Nc3 Qb6 5.e3 Bf5 6.Ne5 h6 7.g4 Bh7 8.cxd5 Nxd5
9.Nxd5 cxd5 10.Qa4+ Nc6 11.Bd2 e6 12.Rc1 Rc8 13.b3 a6 14.Ba5 Qa7 15.Nxc6 b5
16.Bxb5 axb5 17.Qxb5 Qd7 18.O-O Ba3 19.Ne5 Qxb5 20.Rxc8+ Ke7 21.Rxh8 Be4
22.Rb8  1-0

[Event "Siembra Villa Ballester op"]
[Site "Villa Ballester"]
[Date "1996.??.??"]
[Round "2"]
[White "Giardelli, Sergio C"]
[Black "Belmonte, Diego Mariano"]
[Result "1-0"]
[WhiteElo "2455"]
[BlackElo "2135"]

1.c4 c6 2.d4 d5 3.Nf3 Nf6 4.Qc2 e6 5.g3 Be7 6.Bg2 O-O 7.O-O Ne4 8.b3 f5 9.Bb2 Qe8
10.e3 Nd7 11.Ne1 Qh5 12.f3 Ng5 13.Nc3 Nh3+ 14.Bxh3 Qxh3 15.Ng2 Nf6 16.Rae1 g5
17.Nd1 Bd7 18.Qc1 Qh6 19.Nf2 Qg6 20.Nd3 Rab8 21.Ne5 Qh5 22.Ba3 Qe8 23.e4 dxe4
24.Qxg5+ Kh8 25.Bxe7 Qxe7 26.fxe4 Qd6 27.exf5 Qxd4+ 28.Kh1 exf5 29.Qh6 Ne4
30.Nxd7 Rbe8 31.Rxe4  1-0

[Event "Villalba op"]
[Site "Villalba"]
[Date "1996.??.??"]
[Round "5"]
[White "Suba, Mihai"]
[Black "Koutsin, Sergey"]
[Result "1/2-1/2"]
[WhiteElo "2565"]
[BlackElo "2435"]

1.c4 c6 2.e4 d5 3.exd5 cxd5 4.d4 Nf6 5.Nc3 e6 6.Nf3 Nc6 7.cxd5 exd5 8.Bb5 Be7
9.Ne5 Bd7 10.O-O O-O 11.Re1 Rc8 12.Bg5 a6 13.Ba4 Be6 14.Bxc6 bxc6 15.Qe2 Qb6
16.Nxf7 Bxf7 17.Qxe7 Rfe8 18.Qc5 Qxc5 19.dxc5 Ne4 20.Nxe4 Rxe4 21.Rxe4 dxe4
22.Bf4 Rd8 23.Bd6 Rd7 24.b3 Rb7 25.Rd1 a5 26.Rd4 Rb4 27.Rxb4 axb4 28.Kf1 Bh5
29.Ke1 Kf7 30.Bc7 Ke6 31.Ba5 Kd5 32.Bxb4 Bg4 33.Kd2 Bc8 34.Kc3 Ba6 35.Ba3 Bd3
36.Bc1 Kxc5 37.f4 Kd5 38.Be3 c5 39.g4 h6 40.a4 Be2 41.h3 Bf1 42.h4 Be2 43.a5 Bxg4
44.a6 Kc6 45.Bxc5 h5 46.b4 Bc8 47.f5 e3 48.Bxe3 Bxf5 49.Kc4 Be6+ 50.Kd4 Bc8
51.b5+ Kxb5 52.a7 Bb7 53.Ke5 Kc6 54.Kf5 Kd7 55.Bf4 Ke8 56.Be5 g6+ 57.Kxg6 Bf3  1/2-1/2

[Event "LTU-ch"]
[Site "Vilnius"]
[Date "1996.??.??"]
[Round "2"]
[White "Uogele, Anicetas"]
[Black "Kasparavicius, Laimutis"]
[Result "1-0"]
[WhiteElo "2260"]
[BlackElo "2140"]

1.c4 c6 2.e4 g6 3.Nc3 Bg7 4.d4 e6 5.Nf3 Ne7 6.h4 h6 7.h5 g5 8.Bd3 d6 9.Be3 Nd7
10.Qc2 a6 11.O-O-O b5 12.c5 dxc5 13.dxc5 e5 14.Be2 Qc7 15.Kb1 Nf6 16.Rd6 Ng4
17.Rhd1 Be6 18.Bxg5 Nxf2 19.Rf1 Ng4 20.Bxe7 Kxe7 21.Nd1 Rhd8 22.Rxe6+ fxe6
23.Nh4 Rxd1+ 24.Qxd1 Ne3 25.Ng6+ Ke8 26.Qb3 Nc4 27.Bxc4 bxc4 28.Qxc4 Qd7
29.Qe2 a5 30.Rd1 Qc7 31.Qd3 Bf8 32.Rf1  1-0

[Event "LTU-ch"]
[Site "Vilnius"]
[Date "1996.??.??"]
[Round "6"]
[White "Uogele, Anicetas"]
[Black "Sarakauskas, Gediminas"]
[Result "1/2-1/2"]
[WhiteElo "2260"]
[BlackElo "2220"]

1.c4 c6 2.g3 d5 3.cxd5 cxd5 4.Nf3 Nc6 5.d4 Nf6 6.Bg2 Bg4 7.Ne5 e6 8.Nxg4 Nxg4
9.O-O h5 10.e4 dxe4 11.Bxe4 Nxd4 12.Bxb7 Rb8 13.Bg2 Bc5 14.Nc3 Nf5 15.Qa4+ Kf8
16.Ne4 Rb4 17.Qc6 Bb6 18.Bg5 f6 19.Qc3 Rd4 20.Bf4 g5 21.Be3 Ngxe3 22.fxe3 Rd3
23.Qxf6+ Qxf6 24.Nxf6 Ke7 25.Be4 Rd6 26.Nd5+ Rxd5 27.Bxd5 Nxe3 28.Bb3 Nxf1+
29.Kxf1 Rf8+ 30.Ke2 Rf2+ 31.Kd3 Kf6 32.Rh1 Rxb2 33.Rf1+ Rf2 34.Rxf2+ Bxf2
35.Ke2 Bc5 36.h3 Kf5 37.Bc2+ Ke5 38.Bg6 h4 39.gxh4 gxh4 40.Bh5 Kd4 41.Bg4 e5
42.Be6  1/2-1/2